000 00710nam a22002417a 4500
999 _c170588
_d170588
005 20191218114252.0
010 _aA-374909
020 _c8.00
035 _aA-374909
037 _bBPPD/Pub.
082 _a840
100 _aنند کشور وکرم
245 _aعلمی اردو ادب /
_cنند کشور وکرم
246 _aAlami Urdu Adab (Urdu) /
_bby Nand Kishore Vikram
260 _aDelhi
_bNand Kishore Vikram
270 _bDelhi
_aJ-6, Krishan Nagar
_e110051
300 _a463p.
_c21cm(Hb)
650 _aادب -- اردو
650 _a ادبی تنقید
650 _aLiterature -- Urdu
650 _aLiterary criticism
942 _2ddc
_cUR
_h840
_mن ن د